000
00311nam a22001337a 4500
003
SGT
082
_a
617.7, C12F
100
_a
FINEMAN, MITCHELL
245
_a
COLOR ATLAS & SYNOPSIS OF CLINICAL OPHTHALMOLOGY
260
_a
INDIA
_b
WOLTERS
_c
2012
300
_a
401
650
_a
OPHTHALMOLOGY
942
_2
ddc
_c
BK
999
_c
9075
_d
9075